| 000 | 00423nam a22001457a 4500 | ||
|---|---|---|---|
| 005 | 20141001160812.0 | ||
| 008 | 141001b xxu||||| |||| 00| 0 eng d | ||
| 050 |
_aHG 4028.C4 _b.W926 2013 |
||
| 245 | _aWorking capital management / | ||
| 260 |
_b3G Elearning FZ LLC, _cc2013. |
||
| 300 |
_a216 pages : _billustrations ; _c26 cm. |
||
| 521 | _aBusiness Administration | ||
| 650 | _aWorking capital. | ||
| 942 |
_2lcc _cBK _kFOR |
||
| 999 |
_c275993 _d275993 |
||